One Headlight - The Wallflowers (All Lyrics) - Statistics

General Stats
  • This quiz has been taken 12 times
    11 since last reset
  • The average score is 267 of 346
Answer Stats
Lyrics % Correct
a
100%
an
100%
and
100%
And
100%
be
100%
beat
100%
can
100%
Cinderella
100%
Come
100%
headlight
100%
home
100%
I
100%
is
100%
it
100%
little
100%
me
100%
on
100%
on,
100%
one
100%
said
100%
she
100%
She
100%
So
100%
so
100%
the
100%
The
100%
they
100%
to
100%
try
100%
We
100%
all
86%
always
86%
better
86%
broken
86%
But
86%
but
86%
can't
86%
cold,
86%
died
86%
drive
86%
easy
86%
forever
86%
friend
86%
got
86%
heart
86%
Hey
86%
Hey,
86%
hey,
86%
In
86%
in
86%
like
86%
lost
86%
middle
86%
my
86%
Nothing
86%
nothing
86%
of
86%
only
86%
say
86%
something
86%
such
86%
than
86%
There's
86%
there's
86%
this
86%
This
86%
up
86%
when
86%
With
86%
ago,
71%
As
71%
at
71%
Day
71%
disease
71%
don't
71%
engine,
71%
engine
71%
face
71%
feel
71%
feels
71%
her
71%
Independence
71%
"It's
71%
it's
71%
just
71%
long
71%
mess
71%
place
71%
pretty
71%
put
71%
remember
71%
she's
71%
Somewhere
71%
somewhere
71%
That's
71%
through
71%
Through
71%
together
71%
truck
71%
Well
71%
We’ll
71%
We'll
71%
Well,
71%
away
57%
break
57%
cigarettes
57%
dead
57%
doesn't
57%
from
57%
front
57%
greed
57%
had
57%
here
57%
know
57%
out
57%
sun
57%
trees
57%
turn
57%
ugliness
57%
What
57%
why
57%
wondered
57%
ahead
43%
around
43%
between
43%
breath
43%
burn
43%
cemetery
43%
cheap
43%
comin’
43%
hit
43%
human
43%
hung
43%
I'd
43%
I’ve
43%
law
43%
left
43%
listened
43%
maze
43%
old,
43%
parade."
43%
ran
43%
run
43%
seemed
43%
seen
43%
waste,
43%
watch
43%
ain't
29%
arm
29%
changed,
29%
county-line
29%
dawn
29%
dreams
29%
else
29%
funeral
29%
good
29%
I'm
29%
ledge
29%
nothingness
29%
opening
29%
same
29%
Sayin’
29%
sign
29%
Sometimes
29%
think
29%
until
29%
window
29%
wine,
29%
alone,
14%
bridge
14%
city
14%
death,
14%
end,
14%
killing
14%
Man,
14%
must
14%
Now
14%
smells
14%
somebody
14%
walls
14%
dying
0%
No matching quizzes found
Score Distribution
Percent of People with Each Score
Percentile by Number Answered
Your Score History
You have not taken this quiz since the last reset